| 000 | 00459nam a2200157Ia 4500 | ||
|---|---|---|---|
| 008 | 240729s9999 xx 000 0 und d | ||
| 022 | _a2717-3453 | ||
| 245 | 0 | _aJournal of Fuzzy Extension and Applications | |
| 260 | _aIran, Islamic Republic of | ||
| 260 | _bAyandegan Institute of Higher Education, | ||
| 650 | _a Mathematics | ||
| 650 | _aScience | ||
| 856 | _uhttps://doaj.org/toc/4972f0fd6e2543cdb304092b7ab43f3d | ||
| 942 | _2ddc | ||
| 942 | _cDOAJEJ | ||
| 999 |
_c70825 _d70825 |
||
| 945 |
_a1 _bMadushi Gamage _c1 _dMadushi Gamage |
||